Memorias del Primer Congreso Hispanoamericano de Lexicografía (Record no. 105362)

MARC details
000 -LEADER
campo de control de longitud fija 00839nam a2200205 i 4500
001 - NÚMERO DE CONTROL
campo de control 105362
003 - IDENTIFICADOR DE NÚMERO DE CONTROL
campo de control ES-MaACL
005 - FECHA Y HORA DE LA ÚLTIMA TRANSACCIÓN
campo de control 20230906183846.0
007 - CAMPO FIJO DE DESCRIPCIÓN FÍSICA--INFORMACIÓN GENERAL
campo de control de longitud fija t|
008 - DATOS DE LONGITUD FIJA--INFORMACIÓN GENERAL
campo de control de longitud fija 060629s1970 pr ||||1| spa d
080 ## - NÚMERO DE LA CLASIFICACIÓN DECIMAL UNIVERSAL
Número de la Clasificación Decimal Universal 81'374(063)
111 2# - ENTRADA PRINCIPAL--NOMBRE DE CONGRESO/REUNIÓN
Nombre de congreso/reunión o jurisdicción como elemento de entrada Congreso Hispanoamericano de Lexicografía (
Número del congreso/reunión o número de parte o sección 1º.
Fecha del congreso o de la firma del tratado 1969.
Sede del congreso/Lugar de la reunión San Juan de Puerto Rico)
9 (RLIN) 386
245 10 - MENCIÓN DEL TÍTULO
Título Memorias del Primer Congreso Hispanoamericano de Lexicografía
Resto del título : actas, resoluciones, informes, discursos: 26 noviembre - 5 diciembre, San Juan de Puerto Rico.
260 ## - PUBLICACIÓN, DISTRIBUCIÓN, ETC.
Lugar de publicación, distribución, etc. San Juan de Puerto Rico :
Nombre del editor, distribuidor, etc. [s.n.,
Fecha de publicación, distribución, etc. 1970]
300 ## - DESCRIPCIÓN FÍSICA
Extensión 394 p. ;
Dimensiones 24 cm.
500 ## - NOTA GENERAL
Nota general Precede al tit.: Academia Puertorriqueña de la Lengua.
650 14 - PUNTO DE ACCESO ADICIONAL DE MATERIA--TÉRMINO DE MATERIA
Término de materia o nombre geográfico como elemento de entrada Lexicografía-
Subdivisión de forma Congresos y asambleas.
9 (RLIN) 14375
710 2# - ENTRADA AGREGADA--NOMBRE DE ENTIDAD CORPORATIVA
Nombre de entidad corporativa o nombre de jurisdicción como elemento de entrada Academia Puertorriqueña de la Lengua.
9 (RLIN) 1219
852 ## - LOCALIZACIÓN
Ubicación ES-MaACL
Número de control de estantería F-9628
Sublocalización o colección R.137710
Holdings
Estatus retirado Estado de pérdida Estado de daño No para préstamo Biblioteca de origen Biblioteca actual Ubicación en estantería Fecha de adquisición Fuente de adquisición Total de préstamos Signatura topográfica completa Código de barras Visto por última vez Precio de reemplazo Tipo de ítem Koha
        Biblioteca del Ateneo de Madrid Biblioteca del Ateneo de Madrid Sala Pecera Planta 2 17/01/2008     F-9628 1109992 23/02/2023 23/02/2023 Libro impreso